Principles of macroeconomics / (Record no. 1760)

MARC details
000 -LEADER
fixed length control field 01308cam a22001814a 4500
020 ## - INTERNATIONAL STANDARD BOOK NUMBER
ISBN 0072289678 (alk. paper)
020 ## - INTERNATIONAL STANDARD BOOK NUMBER
ISBN 9780072289671
050 00 - CALL NUMBER
Classification number HB172.5
Item number .F69
100 1# - AUTHOR
Personal name Frank, Robert H.
245 10 - TITLE
Title Principles of macroeconomics /
Statement of responsibility, etc Robert H. Frank, Ben S. Bernanke.
260 ## - PUBLICATION INFORMATION
Place of publication Boston, Mass. :
Name of publisher McGraw-Hill/Irwin,
Year of publication 2001.
300 ## - DESCRIPTION
Number of Pages xxx, 504, [19] p. :
Other physical details ill. (some col.) ;
Dimensions 28 cm.
500 ## - NOTES
General note Includes index.
505 ## - FORMATTED CONTENTS NOTE
Table of Content Part I. Introduction --<br/>1. Thinking Like an Economist --<br/>2. Comparative Advantage --<br/>3. Supply and Demand --<br/>Part II. Macroeconomics: Data and Issues --<br/>4. Spending, Income, and GDP --<br/>5. Inflation and the Price Level --<br/>6. Wages and Unemployment --<br/>Part III. The Economy in the Long Run --<br/>7. Economic Growth --<br/>8. Saving, Capital Formation, and Financial Markets --<br/>9. The Financial System, Money, and Prices --<br/>Part IV. The Economy in the Short Run --<br/>10. Short-Term Economic Fluctuations --<br/>11. Spending and Output in the Short Run --<br/>12. Stabilizing the Economy: The Role of the Federal Reserve --<br/>13. Aggregate Demand, Aggregate Supply, and Macroeconomic Policy --<br/>Part V. The International Economy --<br/>14. Exchange Rates, International Trade, and Capital Flows.
650 #0 - SUBJECTS
Topical Term Macroeconomics.
700 1# - OTHER AUTHORS
Personal name Bernanke, Ben.
942 ## - ADDED ENTRY ELEMENTS (KOHA)
Koha item type Books
Holdings
Withdrawn status Lost status Home library Current library Shelving location Date acquired Full call number Accession Number Copy number Koha item type Collection code
    Methodist University Library Main Methodist University Library Main General Stacks   HB172.5 .F69 11327 1 Books  
    Methodist University Library Main Methodist University Library Main General Stacks   HB172.5 .F69 11328 2 Books  
    Methodist University Library Main Methodist University Library Main General Stacks   HB172.5 .F69 11329 3 Books  
    Methodist University Library Main Methodist University Library Main General Stacks   HB172.5 .F69 11324 4 Books  
    Methodist University Library Main Methodist University Library Main General Stacks   HB172.5 .F69 11323 5 Books Reference
    Methodist University Library Main Methodist University Library Main General Stacks   HB172.5 .F69 11322 6 Books Reference
    Methodist University Library Main Methodist University Library Main General Stacks 24/01/2018 HB172.5 .F69 11325 7 Books  
    Methodist University Library Main Methodist University Library Main General Stacks 24/01/2018 HB172.5 .F69 11326 8 Books  
Copyright © 2026  MUG Library